| 000 | 00473nam a2200217Ia 4500 | ||
|---|---|---|---|
| 001 | 109812 | ||
| 003 | YMCAF | ||
| 005 | 20230512162402.0 | ||
| 008 | 100717s2003 ||||||||||||||||| ||und|d | ||
| 024 | _a109812 | ||
| 035 | _aWB799 | ||
| 040 |
_aYMCAF _beng _cIN-KoLT |
||
| 041 | _aeng | ||
| 082 |
_a005.432 _bMUS |
||
| 100 | _aMuster, John | ||
| 245 | 0 | _aUnix and Linux introducation | |
| 260 |
_bTMH _c2003 |
||
| 300 | _a700 | ||
| 500 | _aWith C D | ||
| 942 |
_2ddc _cBK |
||
| 999 |
_c11629 _d11629 |
||